Biotechnology and its Applications Using Cells to Change the World/ by W.T. Godbey (Record no. 52372)

MARC details
000 -LEADER
fixed length control field 00549nam a22001697a 4500
003 - CONTROL NUMBER IDENTIFIER
control field OSt
008 - FIXED-LENGTH DATA ELEMENTS--GENERAL INFORMATION
fixed length control field 260627b |||||||| |||| 00| 0 eng d
020 ## - INTERNATIONAL STANDARD BOOK NUMBER
International Standard Book Number 9780128177266
082 ## - DEWEY DECIMAL CLASSIFICATION NUMBER
Classification number 660.6
Item number G57B
100 ## - MAIN ENTRY--PERSONAL NAME
Personal name Godbey, W.T.
245 ## - TITLE STATEMENT
Title Biotechnology and its Applications Using Cells to Change the World/ by W.T. Godbey
250 ## - EDITION STATEMENT
Edition statement 2nd. ed.
260 ## - PUBLICATION, DISTRIBUTION, ETC. (IMPRINT)
Place of publication, distribution, etc London:
Name of publisher, distributor, etc Academic Press,
Date of publication, distribution, etc 2022.
300 ## - PHYSICAL DESCRIPTION
Extent xviii, 462 p.
650 ## - SUBJECT ADDED ENTRY--TOPICAL TERM
Topical term or geographic name as entry element Technology (Applied Sciences) | Chemical Engineering and Related Technologies | Biotechnology
942 ## - ADDED ENTRY ELEMENTS (KOHA)
Source of classification or shelving scheme
Koha item type Books
Holdings
Withdrawn status Lost status Source of classification or shelving scheme Damaged status Not for loan Home library Current library Shelving location Date acquired Source of acquisition Cost, normal purchase price Total Checkouts Full call number Barcode Date last seen Bill Date Koha item type Bill Number
          Dr. Rajendra Prasad Central Agricultural University Pusa, Dr. Rajendra Prasad Central Agricultural University Pusa, General Stacks 27/06/2026 Today & Tomorrow Printers and Publishers 10167.00   660.6 G57B 87628 27/06/2026 29/01/2026 Books Bill No. IN-00449
Hosted, Implemented, Customized & Maintained by: BestBookBuddies

Powered by Koha